[Event "Regionalliga SW 0708"]
[Site "Bayern"]
[Date "2008.02.17"]
[Round "6.8"]
[White "Haczek, Kurt"]
[Black "Grotz, Stephan"]
[Result "0-1"]
[WhiteElo "1755"]
[BlackElo "1884"]
[PlyCount "60"]
[EventDate "2007.10.21"]
[EventType "team-tourn"]
[EventRounds "9"]
[EventCountry "GER"]
[SourceTitle "EXT 2009"]
[Source "ChessBase"]
[SourceDate "2008.11.26"]
[SourceVersion "1"]
[SourceVersionDate "2008.11.26"]
[SourceQuality "1"]
[WhiteTeam "Muenchen Suedost"]
[BlackTeam "Muenchen Tarrasch II"]
[WhiteTeamCountry "GER"]
[BlackTeamCountry "GER"]

1. d4 Nf6 2. c4 g6 3. Nc3 Bg7 4. e4 d6 5. f4 0-0 6. Nf3 c5 7. d5 e6 8. Be2 exd5 9. exd5 Re8 10. 0-0 Na6 11. Bd3 Bd7 12. a3 Rb8 13. Nb5 Bxb5 14. cxb5 Nc7 15. Bc4 Qd7 16. Qd3 Re7 17. Bd2 Ne4 18. Bc3 Nxc3 19. bxc3 Rbe8 20. Rae1 Na8 21. Ba2 Nb6 22. c4 Bd4+ 23. Kh1 Re3 24. Rxe3 Rxe3 25. Qd2 Rxa3 26. Nxd4 cxd4 27. f5 Qe7 28. Qf2 Re3 29. Qf4 Re4 30. f6 Rxf4 0-1

[Event "Regionalliga SW 0708"]
[Site "Bayern"]
[Date "2007.11.04"]
[Round "2.8"]
[White "Haczek, Kurt"]
[Black "Brychcy, Felix"]
[Result "1-0"]
[WhiteElo "1755"]
[BlackElo "1995"]
[PlyCount "73"]
[EventDate "2007.10.21"]
[EventType "team-tourn"]
[EventRounds "9"]
[EventCountry "GER"]
[SourceTitle "EXT 2009"]
[Source "ChessBase"]
[SourceDate "2008.11.26"]
[SourceVersion "1"]
[SourceVersionDate "2008.11.26"]
[SourceQuality "1"]
[WhiteTeam "Muenchen Suedost"]
[BlackTeam "Zugzwang MSA"]
[WhiteTeamCountry "GER"]
[BlackTeamCountry "GER"]

1. d4 Nf6 2. c4 g6 3. Nc3 Bg7 4. e4 d6 5. f4 0-0 6. Nf3 c5 7. d5 e6 8. Be2 exd5 9. exd5 Re8 10. 0-0 Bg4 11. Bd3 Nbd7 12. h3 Bxf3 13. Qxf3 a6 14. a4 Re7 15. Bd2 Qf8 16. Rae1 Rae8 17. Rxe7 Rxe7 18. Re1 Qe8 19. Kf1 Rxe1+ 20. Bxe1 Nb6 21. b3 Nbd7 22. g4 h6 23. Nd1 Nh7 24. Bg3 Qe7 25. Qe3 Qxe3 26. Nxe3 Nhf8 27. Ke2 Bd4 28. Ng2 Kg7 29. Ne1 Kf6 30. Nf3 g5 31. fxg5+ hxg5 32. Nxd4 cxd4 33. Bxd6 Ng6 34. Bxg6 fxg6 35. Kd3 Ne5+ 36. Kxd4 Nf3+ 37. Kd3 1-0

[Event "Regionalliga SW 0506"]
[Site "Bayern"]
[Date "2005.11.27"]
[Round "3.8"]
[White "Schoenbauer, Max"]
[Black "Haczek, Kurt"]
[Result "1-0"]
[WhiteElo "1989"]
[BlackElo "1796"]
[PlyCount "121"]
[EventDate "2005.10.23"]
[EventType "team-tourn"]
[EventRounds "9"]
[EventCountry "GER"]
[SourceTitle "EXT 2007"]
[Source "ChessBase"]
[SourceDate "2006.11.23"]
[SourceVersion "1"]
[SourceVersionDate "2006.11.23"]
[SourceQuality "1"]

1. e4 e6 2. d4 d5 3. Nc3 Nf6 4. Bg5 Be7 5. e5 Nfd7 6. Bxe7 Qxe7 7. Nf3 a6 8. a3 c5 9. dxc5 Qxc5 10. Bd3 Nc6 11. Qe2 Nd4 12. Nxd4 Qxd4 13. 0-0-0 Qxe5 14. Qd2 Qf6 15. f4 0-0 16. g4 Nc5 17. Ne2 Nxd3+ 18. Qxd3 Bd7 19. Qe3 Rac8 20. g5 Qg6 21. Rd2 Rc4 22. Nd4 Rfc8 23. h4 h5 24. gxh6 Qxh6 25. Rg1 Qxh4 26. Rdg2 g6 27. Qe5 Qh6 28. Qf6 Be8 29. Nxe6 R4c6 30. Qg5 Qxg5 31. Nxg5 Rf6 32. Rf2 Bd7 33. Rh1 Rf5 34. Rh6 Rc4 35. Rfh2 Kf8 36. Rh8+ Ke7 37. Re2+ Be6 38. Rh7 Rc6 39. Rh4 Kd6 40. Kd2 b5 41. c3 Rc4 42. Nh3 g5 43. Rh8 gxf4 44. Nf2 Rc8 45. Rxe6+ fxe6 46. Rxc8 e5 47. Ra8 Rg5 48. Rxa6+ Kc5 49. b4+ Kc4 50. Kc2 d4 51. Rc6+ Kd5 52. Rc5+ Ke6 53. cxd4 Rg2 54. Rxe5+ Kd6 55. Re2 Kd5 56. Kc3 f3 57. Re5+ Kc6 58. Nd3 Ra2 59. d5+ Kc7 60. Rf5 Rxa3+ 61. Kd4 1-0

[Event "Regionalliga SW 0203"]
[Site "Bayern"]
[Date "2002.11.17"]
[Round "2.7"]
[White "Haczek, Kurt"]
[Black "Demir, Bilal"]
[Result "0-1"]
[WhiteElo "1807"]
[BlackElo "2008"]
[PlyCount "79"]
[EventDate "2002.10.20"]
[EventType "team"]
[EventRounds "9"]
[EventCountry "GER"]
[SourceTitle "EXT 2004"]
[Source "ChessBase"]
[SourceDate "2003.11.25"]
[SourceVersion "1"]
[SourceVersionDate "2003.11.25"]
[SourceQuality "1"]
[WhiteTeam "Muenchen Suedost"]
[BlackTeam "Unterhaching"]
[WhiteTeamCountry "GER"]
[BlackTeamCountry "GER"]

1. d4 d5 2. c4 e6 3. Nc3 c6 4. Nf3 Nf6 5. Bg5 dxc4 6. a4 Bb4 7. Qc2 b5 8. e3 Bb7 9. Be2 a6 10. 0-0 Nbd7 11. Ne4 h6 12. Bh4 Be7 13. Nxf6+ Bxf6 14. Bg3 Nb6 15. Rfd1 0-0 16. e4 Qc8 17. a5 Nd7 18. Bd6 Re8 19. e5 Be7 20. Bxe7 Rxe7 21. g4 g6 22. Nh4 Nf8 23. f4 c5 24. Ra3 cxd4 25. Qd2 d3 26. Bf3 Bxf3 27. Nxf3 Qc5+ 28. Kg2 b4 29. Raa1 Rd7 30. f5 Kh7 31. f6 c3 32. Qf4 Rd5 33. bxc3 bxc3 34. Ra4 Rc8 35. Ng5+ hxg5 36. Qxg5 Nd7 37. Qh4+ Kg8 38. Qh3 c2 39. Rc1 Rxe5 40. Qh6 0-1

[Event "Regionalliga SW 0102"]
[Site "Bayern"]
[Date "2002.02.24"]
[Round "6.7"]
[White "Kwan, Michael"]
[Black "Haczek, Kurt"]
[Result "1-0"]
[WhiteElo "2060"]
[BlackElo "1775"]
[PlyCount "61"]
[EventDate "2001.10.07"]
[EventType "team"]
[EventRounds "9"]
[EventCountry "GER"]
[SourceTitle "EXT 2003"]
[Source "ChessBase"]
[SourceDate "2002.11.25"]
[SourceVersion "1"]
[SourceVersionDate "2002.11.25"]
[SourceQuality "1"]
[WhiteTeam "Pasing II"]
[BlackTeam "Muenchen Suedost"]
[WhiteTeamCountry "GER"]
[BlackTeamCountry "GER"]

1. Nf3 f5 2. d4 Nf6 3. g3 e6 4. Bg2 Be7 5. c4 0-0 6. 0-0 d5 7. b3 c6 8. Ba3 Bxa3 9. Nxa3 Qe7 10. Nc2 Nbd7 11. Ne3 Ne4 12. Qc2 g5 13. Rac1 Qg7 14. Qd3 h5 15. Ne1 g4 16. f3 Ng5 17. cxd5 cxd5 18. Rc7 Rf7 19. fxg4 hxg4 20. Nxd5 Ne5 21. Rxc8+ Rxc8 22. dxe5 exd5 23. Bxd5 Kh8 24. Bxf7 Nxf7 25. Qxf5 Rc7 26. Nd3 Re7 27. Rc1 Qg5 28. Rc8+ Kg7 29. Qxg5+ Nxg5 30. Rc4 Nh3+ 31. Kg2 1-0